00662nam a2200217Ia 450000500170000000800410001702000150005804000190007304100120009208200180010410000200012224500900014226000310023230000150026350400400027863000270031865000130034565100540035870000220041285000100043420240118111218.0131103s9999 xx 000 0 und d a8185076995 aLoreto College aEnglish a327.1(I)bPRA aPrakash, Arvind aNon-alignment and Indo-Soviet relationscArvind Prakash; foreword by Bishwanath Singh aAllahabadbChugh Pubc1990 axx,188 p.  aIncludes bibliographical references aIndia - Foreign Policy aPolitics aInternational Relations - Russia - Foreign Policy aSingh, Bishwanath aLCLIB